000 00565nam a22001937a 4500
005 20251108165850.0
008 250721s9999 xx 000 0 ara d
082 1 4 _aط/574.5264/في
245 1 0 _aفي الأدغال /
264 1 _aبيروت :
_bدار شهرزاد،
_c[19-].
300 _a23ص. : مص.
490 0 _aحياة الإنسان
650 1 7 _aالغابات
650 1 7 _aالسكان
650 1 7 _aالموارد الطبيعية
653 _aأطفال مرحلة متوسطة ( 6 - 9 سنوات )
942 _2ddc
_cBK
999 _c33351
_d33351